| 000 | 01132nam0a22002651 4500 | ||
|---|---|---|---|
| 001 | rc\4092092 | ||
| 005 | 20130415161306.3 | ||
| 021 |
_aRU _b[53-43625] |
||
| 035 | _a(NLR Aleph) 008133056 | ||
| 090 |
_a9436228 _c9436228 |
||
| 100 | _a20130415d1953 |||y0rusy50 ca | ||
| 101 | 0 | _arus | |
| 102 | _aRU | ||
| 105 | _aa z ||||| | ||
| 200 | 1 |
_aКвадратно-гнездовая посадка картофеля машинами _fГл. упр. с.-х. пропаганды и науч.-исслед. учреждения М-ва сельского хозяйства и заготовок СССР |
|
| 210 |
_aМосква _cБ. и. _d1953 |
||
| 215 |
_a16 с. _cсхем. _d20 |
||
| 300 | _aПеред загл. авт.: С.А. Герасимов, лауреат Сталинской премии канд. техн. наук | ||
| 606 |
_aКартофель _xПосадка квадратно-гнездовая _2psbo |
||
| 700 | 1 |
_aГерасимов _bС. А. _gСергей Александрович |
|
| 801 | 0 |
_aRU _bNLR _gpsbo |
|
| 801 | 1 |
_aRU _bELAR _2rusmarc |
|
| 852 |
_aNLR _jС20 Г-4/2374 |
||
| 942 | _cBOOK | ||
| 980 | _aNB | ||